Top 10 najczęściej odwiedzanych stanów USA - Statystyki

Ogólne statystyki
  • Ten quiz został rozwiązany 307 razy
  • Średni wynik to 6 z 10
Statystyki odpowiedzi
% odwiedzających Stan % Poprawnych
21.4 Kalifornia
94%
27.1 Nowy Jork
94%
4.86 Teksas
90%
23.5 Floryda
84%
2.93 Arizona
58%
8.13 Nevada
58%
7.98 Hawaje
52%
4.06 Illinois
47%
2.78 New Jersey
40%
4.60 Massachusetts
27%
Nie znaleziono quizów pasujących do podanych kryteriów
Rozkład punktacji
Procent ludzi z każdym wynikiem
Percentyl według liczby udzielonych odpowiedzi
Twoja historia wyników
Nie rozwiązałeś tego quizu